[Event "9th EUROPEAN  INDIVIDUAL  WOME"]
[Site "Plovdiv, Bulgaria"]
[Date "2008.04.27"]
[Round "7"]
[Board "1"]
[White "Djingarova, Emilia"]
[Black "Ciuksyte, Dagne"]
[Result "1-0"]
[WhiteElo "2301"]
[BlackElo "2380"]
[PlyCount "71"]
[EventDate "2008.04.21"]
[EventRounds "11"]
[EventCountry "BUL"]

1.d4 Nf6 2.c4 e6 3.Nf3 Bb4+ 4.Bd2 a5 5.g3 b6 6.Bg2 Bb7 7.O-O O-O 8.Nc3 d6 9.a3
Bxc3 10.Bxc3 Nbd7 11.b4 axb4 12.axb4 Be4 13.Qb3 Qb8 14.Rxa8 Qxa8 15.Ra1 Qb7
16.b5 Ra8 17.Ra4 d5 18.Ne1 dxc4 19.Qxc4 Rxa4 20.Qxa4 Bxg2 21.Nxg2 Qe4 22.Ne3 h5
23.Qc2 Qa8 24.f3 Ne8 25.Nc4 Qd5 26.Qa4 f5 27.Ne3 Qd6 28.Qc4 Ndf6 29.Nxf5 Qd7
30.e4 Kh7 31.Ne3 Nd6 32.Qd3 Qxb5 33.Qc2 e5 34.dxe5 Qc5 35.exd6 Qxe3+ 36.Kg2

[Event "9th EUROPEAN  INDIVIDUAL  WOME"]
[Site "Plovdiv, Bulgaria"]
[Date "2008.04.27"]
[Round "7"]
[Board "1"]
[White "Turova, Irina"]
[Black "Tarasova, Viktoriya"]
[Result "1-0"]
[WhiteElo "2380"]
[BlackElo "2276"]
[PlyCount "45"]
[EventDate "2008.04.21"]
[EventRounds "11"]
[EventCountry "BUL"]

1.d4 d5 2.c4 c6 3.Nc3 dxc4 4.Nf3 Nf6 5.e3 b5 6.a4 b4 7.Ne2 e6 8.Ng3 a5 9.Bxc4
Be7 10.O-O O-O 11.e4 c5 12.e5 Nd5 13.dxc5 Ba6 14.Qd4 Bxc4 15.Qxc4 Qc7 16.Qg4 Rc8
17.Bh6 g6 18.Ne4 Nd7 19.Nd6 {Diagram #} Rcb8 20.Rac1 Nxc5 21.Ng5 f5 22.Qd4 Bxg5
23.Bxg5

[Event "9th EUROPEAN  INDIVIDUAL  WOME"]
[Site "Plovdiv, Bulgaria"]
[Date "2008.04.27"]
[Round "7"]
[Board "1"]
[White "Isgandarova, Khayala"]
[Black "Molchanova, Tatjana"]
[Result "1/2-1/2"]
[WhiteElo "2193"]
[BlackElo "2359"]
[PlyCount "38"]
[EventDate "2008.04.21"]
[EventRounds "11"]
[EventCountry "BUL"]

1.e4 c5 2.Nf3 Nc6 3.d4 cxd4 4.Nxd4 g6 5.c4 Bg7 6.Nc2 Nf6 7.Nc3 O-O 8.Be2 d6
9.O-O Nd7 10.Bd2 a5 11.Na4 Nc5 12.Nxc5 dxc5 13.Bc3 Nd4 14.Ne3 b6 15.Bd3 Bb7
16.f4 Qd7 17.Nd5 Qd8 18.Qd2 e6 19.Ne3 f5

[Event "9th EUROPEAN  INDIVIDUAL  WOME"]
[Site "Plovdiv, Bulgaria"]
[Date "2008.04.27"]
[Round "7"]
[Board "1"]
[White "Bulmaga, Irina"]
[Black "Milliet, Sophie"]
[Result "0-1"]
[WhiteElo "2106"]
[BlackElo "2354"]
[PlyCount "84"]
[EventDate "2008.04.21"]
[EventRounds "11"]
[EventCountry "BUL"]

1.e4 c5 2.Nf3 e6 3.c3 Nf6 4.e5 Nd5 5.d4 cxd4 6.cxd4 d6 7.Bc4 Nb6 8.Bd3 dxe5
9.dxe5 Na6 10.O-O Nc5 11.Bc2 Qxd1 12.Rxd1 Bd7 13.Nc3 Rc8 14.Bf4 Be7 15.a4 a5
16.Nd4 g5 17.Bg3 h5 18.h3 Kf8 19.Ndb5 Bc6 20.Na7 Rb8 21.Nxc6 bxc6 22.b3 h4
23.Bh2 Nd5 24.Nxd5 cxd5 25.Rab1 Rb4 26.Rf1 Kg7 27.f4 Rhb8 28.fxg5 Nxb3 29.Bxb3
Rxb3 30.Rbe1 R8b7 31.Bf4 Ra3 32.Ra1 Bc5+ 33.Kh2 Rxa1 34.Rxa1 Bd4 35.Ra2 Kg6
36.Ra3 Rb2 37.Rd3 Rb4 38.Ra3 Bb2 {Diagram #} 39.Rf3 Rxf4 40.Rxf4 Bxe5 41.g3
hxg3+ 42.Kxg3 Kxg5

[Event "9th EUROPEAN  INDIVIDUAL  WOME"]
[Site "Plovdiv, Bulgaria"]
[Date "2008.04.27"]
[Round "7"]
[Board "1"]
[White "Gvetadze, Sopio"]
[Black "Kazimova, Narmin"]
[Result "1-0"]
[WhiteElo "2350"]
[BlackElo "2071"]
[PlyCount "81"]
[EventDate "2008.04.21"]
[EventRounds "11"]
[EventCountry "BUL"]

1.e4 c5 2.b3 e5 3.Bb2 d6 4.Nc3 g6 5.Bc4 Bg7 6.Nge2 Ne7 7.O-O O-O 8.Nd5 Nxd5
9.Bxd5 Nc6 10.f4 Be6 11.Bxc6 bxc6 12.f5 Bc8 13.Ng3 Qg5 14.Qe2 a5 15.d3 a4
16.Rae1 axb3 17.axb3 Ra2 18.Bc1 Qd8 19.Rf2 g5 20.f6 {Diagram #} Bxf6 21.Qh5 Be6
22.Ref1 Bg7 23.Bxg5 f6 24.Bh6 Ra7 25.Qh4 Bxh6 26.Qxh6 Rg7 27.Rxf6 Rxf6 28.Rxf6
Bg4 29.Rxd6 Qa5 30.Qf6 Bd7 31.Qf2 Qa1+ 32.Nf1 Rf7 33.Rf6 Rxf6 34.Qxf6 Qd4+
35.Kh1 h5 36.h3 Be8 37.Kh2 Qd7 38.Qxe5 Bg6 39.Qxc5 h4 40.Qg5 Qc7+ 41.e5

[Event "9th EUROPEAN  INDIVIDUAL  WOME"]
[Site "Plovdiv, Bulgaria"]
[Date "2008.04.27"]
[Round "7"]
[Board "1"]
[White "Schuurman, Petra"]
[Black "Jackova, Jana"]
[Result "1/2-1/2"]
[WhiteElo "2295"]
[BlackElo "2345"]
[PlyCount "62"]
[EventDate "2008.04.21"]
[EventRounds "11"]
[EventCountry "BUL"]

1.d4 Nf6 2.c4 e6 3.Nf3 b6 4.g3 Ba6 5.Qc2 c5 6.d5 exd5 7.cxd5 Qe7 8.Nc3 b5 9.Bg2
d6 10.O-O b4 11.Na4 Nbd7 12.Re1 Qe4 13.Qd1 g6 14.Bf4 Nh5 15.Be3 Qe7 16.a3 b3
17.Qxb3 Rb8 18.Qc2 Bg7 19.Bg5 Nhf6 20.Nc3 O-O 21.h3 h6 22.Bf4 g5 23.Bd2 Bc4
24.e4 Bb3 25.Qc1 Nb6 26.h4 g4 27.Nh2 Nh7 28.Nd1 Bxd1 29.Qxd1 h5 30.e5 dxe5
31.Bc3 e4

[Event "9th EUROPEAN  INDIVIDUAL  WOME"]
[Site "Plovdiv, Bulgaria"]
[Date "2008.04.27"]
[Round "7"]
[Board "1"]
[White "Kachiani Gersinska, Ketino"]
[Black "Mamedjarova, Turkan"]
[Result "1/2-1/2"]
[WhiteElo "2388"]
[BlackElo "2271"]
[PlyCount "84"]
[EventDate "2008.04.21"]
[EventRounds "11"]
[EventCountry "BUL"]

1.d4 d5 2.c4 e6 3.Nf3 Nf6 4.g3 Be7 5.Bg2 O-O 6.O-O c6 7.Bf4 dxc4 8.Ne5 Nd5
9.Nxc4 Nxf4 10.gxf4 Nd7 11.Nc3 Nb6 12.Ne5 Nd5 13.e3 f6 14.Nd3 Bd7 15.Ne4 Be8
16.Bh3 f5 17.Nec5 Bxc5 18.dxc5 Qh4 19.Bg2 Rd8 20.Qb3 Bh5 21.Ne5 Qe7 22.Kh1 Rf6
23.Rg1 Rh6 24.Bf3 Bxf3+ 25.Nxf3 Nf6 26.Rad1 Rd5 27.Rxd5 exd5 28.Qc2 Qe4 29.Qxe4
Nxe4 30.Nd4 Rf6 31.b4 Nxf2+ 32.Kg2 Ne4 33.Kf3 g6 34.Rg2 Rf8 35.Rc2 Rc8 36.a4 Kf7
37.a5 a6 38.Ke2 Nf6 39.Kd3 Rg8 40.h4 h6 41.Rh2 Re8 42.Rg2 h5

[Event "9th EUROPEAN  INDIVIDUAL  WOME"]
[Site "Plovdiv, Bulgaria"]
[Date "2008.04.27"]
[Round "7"]
[Board "1"]
[White "Foisor, Sabina Francesca"]
[Black "Bensdorp, Marlies"]
[Result "0-1"]
[WhiteElo "2375"]
[BlackElo "2268"]
[PlyCount "88"]
[EventDate "2008.04.21"]
[EventRounds "11"]
[EventCountry "BUL"]

1.d4 d5 2.c4 c6 3.Nf3 e6 4.e3 Bd6 5.Bd3 f5 6.Nc3 Nf6 7.Qc2 Ne4 8.Ne5 Nd7 9.f4
O-O 10.Nxe4 fxe4 11.Be2 Nxe5 12.dxe5 Be7 13.Bd2 Bd7 14.Qb3 b6 15.O-O Kh8 16.Bg4
Qe8 17.cxd5 cxd5 18.Be2 Ba4 19.Qc3 Rc8 20.Qd4 Bc5 21.Qc3 Be7 22.Qd4 Rc2 23.b4
Bc5 {Diagram #} 24.bxc5 bxc5 25.Qxa4 Qxa4 26.Bd1 Qc4 27.Bxc2 Qxc2 28.Rf2 Qd3
29.Re1 Rb8 30.g4 g6 31.Bc1 d4 32.f5 gxf5 33.gxf5 exf5 34.e6 Qc4 35.exd4 cxd4
36.Bb2 e3 37.Rg2 Rxb2 38.Rxb2 Qxe6 39.Rg2 d3 40.Rb1 Qc8 41.Rf1 f4 42.Re1 f3
43.Rg3 Qf8 44.Rf1 d2

[Event "9th EUROPEAN  INDIVIDUAL  WOME"]
[Site "Plovdiv, Bulgaria"]
[Date "2008.04.27"]
[Round "7"]
[Board "1"]
[White "Sedina, Elena"]
[Black "Raeva, Elitsa"]
[Result "0-1"]
[WhiteElo "2356"]
[BlackElo "2258"]
[PlyCount "84"]
[EventDate "2008.04.21"]
[EventRounds "11"]
[EventCountry "BUL"]

1.e4 c5 2.Nf3 Nc6 3.Bb5 e6 4.O-O Nge7 5.Nc3 a6 6.Bxc6 Nxc6 7.d4 cxd4 8.Nxd4 Be7
9.Nxc6 bxc6 10.e5 Qc7 11.Bf4 Bb7 12.Qg4 g5 13.Be3 c5 14.Rfe1 h5 15.Qc4 Qxe5
16.b4 Bd6 17.g3 Qf5 18.Bxc5 Bxc5 19.bxc5 h4 20.Ne4 hxg3 21.fxg3 Bxe4 22.Qxe4
Qxc5+ 23.Kf1 Rc8 24.Re2 Qc6 25.Qxc6 Rxc6 26.Rb1 Ke7 27.Rb7 Rhc8 28.Rd2 R8c7
29.Rb2 f5 30.Kg2 e5 31.Re2 Kf6 32.a4 d5 33.a5 e4 34.g4 f4 35.Rd2 Ke5 36.Rb8 e3
37.Re8+ Re6 38.Rxe6+ Kxe6 39.Re2 Ke5 40.h4 Ke4 41.Kf1 f3 42.Rh2 Rb7

[Event "9th EUROPEAN  INDIVIDUAL  WOME"]
[Site "Plovdiv, Bulgaria"]
[Date "2008.04.27"]
[Round "7"]
[Board "1"]
[White "Dworakowska, Joanna"]
[Black "Schneider, Veronika"]
[Result "1-0"]
[WhiteElo "2335"]
[BlackElo "2261"]
[PlyCount "97"]
[EventDate "2008.04.21"]
[EventRounds "11"]
[EventCountry "BUL"]

1.e4 c5 2.Nf3 e6 3.d4 cxd4 4.Nxd4 a6 5.Bd3 Bc5 6.Nb3 Ba7 7.Qe2 Nc6 8.Be3 d6
9.Nc3 Nge7 10.f4 e5 11.Bxa7 Rxa7 12.f5 b5 13.Qf2 Rc7 14.O-O Nb4 15.Rad1 O-O
16.a3 Nxd3 17.Rxd3 f6 18.Rfd1 Rc6 19.Nc1 Qc7 20.N1a2 Rd8 21.Qd2 Qb6+ 22.Kh1 Bb7
23.Rg3 Kf8 24.Qe2 Qc7 25.Qg4 Nc8 26.Qh5 h6 27.Nb4 Rc4 28.Nbd5 Bxd5 29.Nxd5 Qf7
30.Qe2 Qb7 31.Rgd3 Ne7 32.Nc3 Qc7 33.h3 Nc6 34.Nd5 Qb7 35.R3d2 Ne7 36.Nc3 Qc7
37.Rd3 Nc6 38.Qd2 Rd4 39.Nd5 Qb7 {Diagram #} 40.Nf4 Rxd3 41.Ne6+ Ke7 42.Qxd3 Rd7
43.Qg3 g5 44.fxg6 Kxe6 45.Qg4+ Ke7 46.g7 Rd8 47.g8=Q Rxg8 48.Qxg8 Nd8 49.Rf1

[Event "9th EUROPEAN  INDIVIDUAL  WOME"]
[Site "Plovdiv, Bulgaria"]
[Date "2008.04.27"]
[Round "7"]
[Board "1"]
[White "Sandu, Mihaela"]
[Black "Rogule, Laura"]
[Result "0-1"]
[WhiteElo "2325"]
[BlackElo "2255"]
[PlyCount "80"]
[EventDate "2008.04.21"]
[EventRounds "11"]
[EventCountry "BUL"]

1.e4 c5 2.Nc3 Nc6 3.Nf3 d6 4.d4 cxd4 5.Nxd4 Nf6 6.Bg5 e6 7.Qd2 a6 8.O-O-O Bd7
9.f4 Be7 10.Nf3 b5 11.e5 b4 12.Na4 dxe5 13.fxe5 Nxe5 14.Nxe5 Bxa4 15.Qxd8+ Bxd8
16.b3 Bb5 17.Bxb5+ axb5 18.Nc6 h6 19.Bh4 g5 20.Bg3 Nd5 21.Rhe1 Kf8 22.Bd6+ Kg7
23.Bxb4 Rxa2 24.Nxd8 Rxd8 25.Bc3+ Kg6 26.Bb2 Rc8 27.Rd4 Ra6 28.Rd2 Rac6 29.Re4
f5 30.Red4 Ne3 31.Rd6 Rxc2+ 32.Rxc2 Rxc2+ 33.Kb1 f4 34.g4 Rxh2 35.Rxe6+ Kf7
36.Rb6 Nxg4 37.Rxb5 Ke6 38.Rb4 f3 39.Rxg4 f2 40.Re4+ Kf5

[Event "9th EUROPEAN  INDIVIDUAL  WOME"]
[Site "Plovdiv, Bulgaria"]
[Date "2008.04.27"]
[Round "7"]
[Board "1"]
[White "Kursova, Maria"]
[Black "Nikoladze, Sopio"]
[Result "0-1"]
[WhiteElo "2322"]
[BlackElo "2249"]
[PlyCount "66"]
[EventDate "2008.04.21"]
[EventRounds "11"]
[EventCountry "BUL"]

1.d4 Nf6 2.Nf3 e6 3.c4 Bb4+ 4.Nbd2 d5 5.Qa4+ Nc6 6.a3 Bxd2+ 7.Bxd2 O-O 8.Bg5 h6
9.Bh4 g5 10.Bg3 Ne4 11.e3 h5 12.h3 Nxg3 13.fxg3 Qd6 14.Kf2 f6 15.Bd3 Kg7 16.Rad1
Ne7 17.Rhf1 c6 18.e4 e5 19.cxd5 cxd5 20.Kg1 exd4 21.Qxd4 Qxg3 22.exd5 Bxh3
23.Rd2 Rf7 24.Nh2 Bd7 25.Qe4 Rh8 26.d6 Qxd6 27.Rff2 Bc6 28.Qe3 Nd5 29.Qxa7 Qg3
30.Nf1 Qc7 31.Qd4 Nf4 32.Bf5 Qe5 33.Ne3 Re8

[Event "9th EUROPEAN  INDIVIDUAL  WOME"]
[Site "Plovdiv, Bulgaria"]
[Date "2008.04.27"]
[Round "7"]
[Board "1"]
[White "Kochetkova, Julia"]
[Black "Worek, Joanna"]
[Result "1-0"]
[WhiteElo "2316"]
[BlackElo "2244"]
[PlyCount "53"]
[EventDate "2008.04.21"]
[EventRounds "11"]
[EventCountry "BUL"]

1.e4 c5 2.Nf3 e6 3.c3 Nf6 4.e5 Nd5 5.d4 cxd4 6.cxd4 d6 7.Nc3 Nc6 8.Bd3 dxe5
9.Nxe5 Nxe5 10.dxe5 Nxc3 11.bxc3 Qa5 12.O-O Qxe5 13.Re1 Qa5 14.Qg4 Bd7 15.Bg5
Rc8 16.Rad1 Rc5 17.h4 Re5 18.Rf1 h6 19.Bf4 Rd5 20.c4 Rd4 21.Qg3 Bc6 22.Rfe1 Rd7
23.Be5 Qa3 24.Bxg7 Rg8 25.Rxe6+ {Diagram #} fxe6 26.Bg6+ Kd8 27.Qb8+

[Event "9th EUROPEAN  INDIVIDUAL  WOME"]
[Site "Plovdiv, Bulgaria"]
[Date "2008.04.27"]
[Round "7"]
[Board "1"]
[White "Sharevich, Anna"]
[Black "Franciskovic, Borka"]
[Result "1/2-1/2"]
[WhiteElo "2311"]
[BlackElo "2240"]
[PlyCount "74"]
[EventDate "2008.04.21"]
[EventRounds "11"]
[EventCountry "BUL"]

1.d4 Nf6 2.c4 e6 3.g3 Bb4+ 4.Bd2 c5 5.Bxb4 cxb4 6.Bg2 O-O 7.e4 d6 8.Ne2 e5 9.O-O
Re8 10.Nd2 a5 11.Qc2 Na6 12.d5 Bd7 13.h3 Rc8 14.Kh2 b5 15.b3 bxc4 16.bxc4 Nc5
17.Nb3 Qb6 18.g4 a4 19.Nxc5 Qxc5 20.g5 Nh5 21.Bf3 Nf4 22.Nxf4 exf4 23.Qd2 Re5
24.Rab1 Rb8 25.Qxf4 Qxc4 26.Qd2 Rxe4 27.Bxe4 Qxe4 28.Rfe1 Qf5 29.Qe3 g6 30.Qg3
Rb5 31.Rb2 Qxd5 32.h4 Be6 33.Qf4 b3 34.Qxa4 Qf5 35.Kg1 Re5 36.Rxe5 Qxe5 37.Rxb3
Bxb3

[Event "9th EUROPEAN  INDIVIDUAL  WOME"]
[Site "Plovdiv, Bulgaria"]
[Date "2008.04.27"]
[Round "7"]
[Board "1"]
[White "Paulet, Iozefina"]
[Black "Nikolova, Adriana"]
[Result "1-0"]
[WhiteElo "2308"]
[BlackElo "2219"]
[PlyCount "69"]
[EventDate "2008.04.21"]
[EventRounds "11"]
[EventCountry "BUL"]

1.e4 c5 2.Nf3 d6 3.d4 cxd4 4.Nxd4 Nf6 5.Nc3 a6 6.Bc4 e6 7.Bb3 b5 8.Qf3 Qb6 9.Be3
Qb7 10.O-O-O Nbd7 11.Rhe1 b4 12.Nd5 exd5 13.exd5 Ne5 14.Qg3 Be7 15.f4 Ng6 16.f5
Ne5 17.Nc6 O-O 18.Nxe5 dxe5 19.d6 Bd8 20.Bh6 Nh5 21.Qg4 g6 22.Bd5 Nf6 23.Qf3
Nxd5 24.Rxd5 {Diagram #} Bxf5 25.Rexe5 Bd7 {Diagram #} 26.Re7 Bxe7 27.dxe7 f5
28.Qd3 Be6 29.exf8=Q+ Rxf8 30.Rd8 Qg7 31.Bxg7 Kxg7 32.Rxf8 Kxf8 33.Qxa6 Ke7
34.Qb7+ Kf6 35.Qxb4

[Event "9th EUROPEAN  INDIVIDUAL  WOME"]
[Site "Plovdiv, Bulgaria"]
[Date "2008.04.27"]
[Round "7"]
[Board "1"]
[White "Juergens, Vera"]
[Black "Vojinovic, Jovana"]
[Result "1-0"]
[WhiteElo "2302"]
[BlackElo "2217"]
[PlyCount "87"]
[EventDate "2008.04.21"]
[EventRounds "11"]
[EventCountry "BUL"]

1.Nf3 e6 2.g3 b6 3.Bg2 Bb7 4.O-O f5 5.d3 Nf6 6.c4 g6 7.Nc3 Bg7 8.Re1 O-O 9.e4
fxe4 10.dxe4 Qe7 11.Bf4 Na6 12.a3 Nh5 13.Bg5 Qf7 14.Qc2 e5 15.Nb5 d6 16.b4 Nf6
17.Rad1 Bc8 18.h3 Be6 19.Be3 h6 20.Rc1 Nd7 21.Nd2 Rfc8 22.Rf1 Kh7 23.f4 Qg8
24.f5 Bf7 25.h4 Nab8 26.Bh3 Bf6 27.fxg6+ Bxg6 28.Kh2 Be7 29.Nc3 c6 30.Qd1 Nf6
31.Rxf6 Bxf6 32.h5 Bf7 33.Qf3 Re8 34.Qxf6 Qg7 35.Bf5+ Kg8 36.Qxd6 Bxh5 37.Qxh6
Qxh6 38.Bxh6 Kf7 39.Bg5 Rg8 40.Bh4 Kg7 41.b5 a6 42.bxc6 Nxc6 43.Nd5 Rgb8 44.Bd7

[Event "9th EUROPEAN  INDIVIDUAL  WOME"]
[Site "Plovdiv, Bulgaria"]
[Date "2008.04.27"]
[Round "7"]
[Board "1"]
[White "Zakurdjaeva, Irina"]
[Black "Bogumil, Tatiana"]
[Result "1-0"]
[WhiteElo "2296"]
[BlackElo "2194"]
[PlyCount "67"]
[EventDate "2008.04.21"]
[EventRounds "11"]
[EventCountry "BUL"]

1.e4 g6 2.d4 d6 3.c4 Bg7 4.Nc3 c5 5.d5 Nf6 6.Bd3 O-O 7.f4 Na6 8.Nf3 Bg4 9.h3
Bxf3 10.Qxf3 Nd7 11.Bd2 Nb4 12.Bb1 a5 13.a3 Na6 14.Bc2 Nc7 15.h4 Re8 16.h5 e6
17.hxg6 hxg6 18.O-O-O Nb6 19.f5 Qf6 20.e5 Qxe5 21.dxe6 Qf6 22.Qxb7 Nxc4 23.Qxc7
Re7 24.exf7+ Kf8 25.Qc6 Rb8 26.fxg6 Reb7 27.Rde1 Ne5 28.Rxe5 dxe5 29.Qxf6 Bxf6
30.Bh6+ Bg7 31.Bxg7+ Kxg7 32.Rh7+ Kf8 33.Ne4 Rb6 34.Ng5

[Event "9th EUROPEAN  INDIVIDUAL  WOME"]
[Site "Plovdiv, Bulgaria"]
[Date "2008.04.27"]
[Round "7"]
[Board "1"]
[White "Tsiganova, Monika"]
[Black "Aginian, Nelly"]
[Result "1-0"]
[WhiteElo "2198"]
[BlackElo "2295"]
[PlyCount "77"]
[EventDate "2008.04.21"]
[EventRounds "11"]
[EventCountry "BUL"]

1.d4 d5 2.c4 c6 3.Nf3 Nf6 4.Qc2 e6 5.Nbd2 Nbd7 6.g3 c5 7.Bg2 Qb6 8.cxd5 exd5
9.O-O Be7 10.b3 O-O 11.Bb2 a5 12.a4 Re8 13.Rac1 Qe6 14.dxc5 Qxe2 15.Rfe1 Qa6
16.Bf1 Qa7 17.Bd4 Qb8 18.Bb5 Bf8 19.Rxe8 Nxe8 20.Ng5 g6 21.c6 bxc6 22.Bxc6 Nd6
23.Bxa8 Qxa8 24.Qc7 Qa6 25.Rc6 {Diagram #} Qd3 26.Rxd6 Qxd4 27.Qxc8 Qxd2 28.Nf3
Qd1+ 29.Kg2 Nc5 30.Qxc5 Bxd6 31.Qxd6 Qxb3 32.Qd7 Kg7 33.Ng5 d4 34.Qxd4+ Kh6
35.Qh4+ Kg7 36.Qxh7+ Kf6 37.Qh4 Qd5+ 38.Nf3+ Ke6 39.Qg5

[Event "9th EUROPEAN  INDIVIDUAL  WOME"]
[Site "Plovdiv, Bulgaria"]
[Date "2008.04.27"]
[Round "7"]
[Board "1"]
[White "Butuc, Maria"]
[Black "Komiagina, Maria"]
[Result "1/2-1/2"]
[WhiteElo "2137"]
[BlackElo "2285"]
[PlyCount "58"]
[EventDate "2008.04.21"]
[EventRounds "11"]
[EventCountry "BUL"]

1.e4 c5 2.Nf3 Nc6 3.Bb5 e6 4.Bxc6 bxc6 5.d3 Ne7 6.Qe2 Qc7 7.Ng5 Ng6 8.f4 f6
9.Nh3 Be7 10.O-O O-O 11.g3 d5 12.Nf2 Bd6 13.c4 a5 14.Nc3 Qf7 15.Na4 Qa7 16.b3
Bd7 17.h4 Nh8 18.Ba3 Nf7 19.Ng4 f5 20.exf5 exf5 21.Nh2 Nd8 22.Nf3 Ne6 23.Qd2 Qc7
24.Ng5 Nd4 25.Qf2 Qa7 26.Nf3 Nxf3+ 27.Qxf3 d4 28.Rae1 Rae8 29.Qf2 Rxe1

[Event "9th EUROPEAN  INDIVIDUAL  WOME"]
[Site "Plovdiv, Bulgaria"]
[Date "2008.04.27"]
[Round "7"]
[Board "1"]
[White "Ionica, Iulia Ionela"]
[Black "Cherednichenko, Elena"]
[Result "1/2-1/2"]
[WhiteElo "2278"]
[BlackElo "2155"]
[PlyCount "33"]
[EventDate "2008.04.21"]
[EventRounds "11"]
[EventCountry "BUL"]

1.e4 e5 2.Nf3 Nc6 3.Bc4 Bc5 4.c3 Nf6 5.d3 a6 6.Bb3 O-O 7.Nbd2 Ba7 8.Nf1 d5 9.Qe2
dxe4 10.dxe4 Ng4 11.Ne3 Bxe3 12.Bxe3 Nxe3 13.Qxe3 Qe7 14.O-O Na5 15.Bc2 Nc4
16.Qe2 Nd6 17.h3

[Event "9th EUROPEAN  INDIVIDUAL  WOME"]
[Site "Plovdiv, Bulgaria"]
[Date "2008.04.27"]
[Round "7"]
[Board "1"]
[White "Vladimirova, Maria"]
[Black "Akatova, Ekaterina"]
[Result "0-1"]
[WhiteElo "1976"]
[BlackElo "2320"]
[PlyCount "84"]
[EventDate "2008.04.21"]
[EventRounds "11"]
[EventCountry "BUL"]

1.e4 c5 2.Nf3 Nc6 3.Bb5 g6 4.O-O Bg7 5.c3 Nf6 6.e5 Nd5 7.d4 cxd4 8.cxd4 O-O
9.Nc3 Nc7 10.Bf4 Ne6 11.Be3 d5 12.exd6 Qxd6 13.d5 {Diagram #} Bxc3 14.bxc3 Nc7
15.Bxc6 bxc6 16.dxc6 Qxc6 17.Bh6 Re8 18.Nd4 Qc4 19.Qf3 Rb8 20.Nc6 Rb6 21.Ne5 Qd5
22.Qg3 Rd6 23.c4 Qa5 24.c5 Re6 25.Nc4 Qxc5 26.Rac1 Nb5 27.Be3 Nd4 28.Qh4 Ne2+
29.Kh1 {Diagram #} Rxe3 30.fxe3 Nxc1 31.Rxc1 Be6 32.Qe4 Rc8 33.a4 Bxc4 34.h4 a5
35.Kg1 Qb4 36.h5 Be6 37.Rxc8+ Bxc8 38.Qa8 Qc5 39.h6 Qxe3+ 40.Kf1 Qc1+ 41.Kf2
Qc5+ 42.Kf1 f6

[Event "9th EUROPEAN  INDIVIDUAL  WOME"]
[Site "Plovdiv, Bulgaria"]
[Date "2008.04.27"]
[Round "7"]
[Board "1"]
[White "Gavasheli, Ana"]
[Black "Srebrnic, Ana"]
[Result "1/2-1/2"]
[WhiteElo "2191"]
[BlackElo "2283"]
[PlyCount "120"]
[EventDate "2008.04.21"]
[EventRounds "11"]
[EventCountry "BUL"]

1.d4 Nf6 2.c4 g6 3.Nc3 Bg7 4.g3 O-O 5.Bg2 d6 6.Nf3 c6 7.O-O Qb6 8.e4 Bg4 9.h3
Bxf3 10.Bxf3 Nfd7 11.Ne2 c5 12.dxc5 Nxc5 13.Rb1 Nc6 14.Bg2 Qa6 15.b4 Qxa2 16.Be3
Ne6 17.c5 Rfd8 18.Qe1 Qa3 19.Qc1 Qxc1 20.Rfxc1 dxc5 21.bxc5 Rab8 22.f4 Ncd4
23.Kf2 Nxe2 24.Kxe2 Nd4+ 25.Bxd4 Bxd4 26.e5 Rbc8 27.Rxb7 Bxc5 28.Be4 a5 29.Rb5
Bb4 30.Rxc8 Rxc8 31.Bd3 Rc1 32.Rb8+ Kg7 33.Ra8 Rh1 34.h4 Rg1 35.Kf2 Bc5+ 36.Kf3
Ra1 37.Bb5 Ra3+ 38.Kg2 Bb4 39.Ra7 h5 40.Bc6 Rc3 41.Bd5 Rd3 42.Bc4 Rd4 43.Bb5 Rd5
44.Bc6 Rd2+ 45.Kf3 Rf2+ 46.Kxf2 Bc5+ 47.Kf3 Bxa7 48.Be8 Bd4 49.Ke4 Bf2 50.Kf3
Be1 51.Bd7 f6 52.exf6+ Kxf6 53.Be8 e6 54.Kg2 Ke7 55.Bxg6 a4 56.Bc2 a3 57.Bb3 Kf6
58.Kf3 e5 59.fxe5+ Kxe5 60.g4 hxg4+

[Event "9th EUROPEAN  INDIVIDUAL  WOME"]
[Site "Plovdiv, Bulgaria"]
[Date "2008.04.27"]
[Round "7"]
[Board "1"]
[White "Mammadova, Gulnar"]
[Black "Andriasian, Siranush"]
[Result "0-1"]
[WhiteElo "2188"]
[BlackElo "2278"]
[PlyCount "95"]
[EventDate "2008.04.21"]
[EventRounds "11"]
[EventCountry "BUL"]

1.e4 e5 2.Nf3 Nc6 3.Bc4 Nf6 4.d4 exd4 5.e5 d5 6.Bb5 Ne4 7.Nxd4 Bd7 8.Bxc6 bxc6
9.O-O Bc5 10.f3 Ng5 11.f4 Ne4 12.Be3 Bb6 13.Nd2 Nxd2 14.Qxd2 c5 15.Nf3 Bf5 16.c3
O-O 17.b4 cxb4 18.cxb4 Qe7 19.a3 Rfd8 20.Nd4 Bd7 21.Rac1 f6 22.Nf3 Bb5 23.Rfe1
Bc4 24.Bxb6 axb6 25.Nd4 Re8 26.e6 Rxa3 27.Nf5 Qd8 28.e7 Qa8 29.Qd4 Qc6 30.Qb2
Rd3 31.Rc3 Rxc3 32.Qxc3 g6 33.Ng3 Kf7 34.f5 Rxe7 35.Rxe7+ Kxe7 36.Qe3+ Kd8
37.Qh6 Qe8 38.Kf2 d4 39.fxg6 hxg6 40.Qc1 Bb5 41.Qa3 Qe5 42.Qa8+ Kd7 43.Qe4 Kd6
44.Qf3 f5 45.h4 Bc6 46.Qd3 Qf4+ 47.Kg1 Qxh4 48.Ne2

[Event "9th EUROPEAN  INDIVIDUAL  WOME"]
[Site "Plovdiv, Bulgaria"]
[Date "2008.04.27"]
[Round "7"]
[Board "1"]
[White "Calzetta, Monica"]
[Black "Minina, Veronika"]
[Result "1/2-1/2"]
[WhiteElo "2264"]
[BlackElo "2148"]
[PlyCount "82"]
[EventDate "2008.04.21"]
[EventRounds "11"]
[EventCountry "BUL"]

1.e4 c5 2.Nc3 a6 3.f4 e6 4.Nf3 b5 5.g3 Bb7 6.d3 Nf6 7.Bg2 d5 8.e5 Nfd7 9.O-O Be7
10.Qe2 g6 11.Nd1 b4 12.Nf2 a5 13.c3 bxc3 14.bxc3 a4 15.Rb1 Ba6 16.h4 h5 17.Nh3
Nc6 18.Nfg5 Rb8 19.Bd2 a3 20.Kh2 Rb6 21.Rfe1 Qb8 22.Rxb6 Qxb6 23.Bc1 Qb5 24.c4
dxc4 25.dxc4 Qa4 26.Qd1 Qxd1 27.Rxd1 Nd4 28.Bxa3 Bxc4 29.Rd2 O-O 30.Ne4 Rb8
31.Nhg5 Bd5 32.Nxc5 Nxc5 33.Rxd4 Bxa2 34.Rd2 Bb3 35.Rb2 Bf8 36.Bxc5 Bxc5 37.Ne4
Ba7 38.Nf6+ Kg7 39.Bf1 Bd5 40.Rxb8 Bxb8 41.Be2 Bc6

[Event "9th EUROPEAN  INDIVIDUAL  WOME"]
[Site "Plovdiv, Bulgaria"]
[Date "2008.04.27"]
[Round "7"]
[Board "1"]
[White "Videnova, Iva"]
[Black "Ohme, Melanie"]
[Result "1-0"]
[WhiteElo "2178"]
[BlackElo "2248"]
[PlyCount "67"]
[EventDate "2008.04.21"]
[EventRounds "11"]
[EventCountry "BUL"]

1.e4 c5 2.Nf3 e6 3.d4 cxd4 4.Nxd4 a6 5.Bd3 Bc5 6.Nb3 Ba7 7.Qg4 Nf6 8.Qg3 d6
9.Nc3 Nc6 10.Bg5 h6 11.Bd2 Ne5 12.Be2 b5 13.f4 Ng6 14.Bf3 b4 15.Ne2 Bb7 16.f5
exf5 17.exf5 Bxf3 18.gxf3 Ne5 19.O-O-O a5 20.Qxg7 Rg8 21.Qxh6 Nxf3 22.Bf4 Qe7
23.Ned4 Ng4 24.Qh3 Nxd4 25.Nxd4 O-O-O 26.Rhe1 Qb7 27.Qf1 Kb8 28.Nb5 Nf2 29.Bxd6+
Ka8 30.Re7 Rd7 31.Nc7+ Rxc7 32.Rxc7 Qf3 33.Rxa7+ Kxa7 34.Bc5+

[Event "9th EUROPEAN  INDIVIDUAL  WOME"]
[Site "Plovdiv, Bulgaria"]
[Date "2008.04.27"]
[Round "7"]
[Board "1"]
[White "Bednikova, Stefi"]
[Black "Popova, Natalija"]
[Result "1/2-1/2"]
[WhiteElo "2086"]
[BlackElo "2239"]
[PlyCount "160"]
[EventDate "2008.04.21"]
[EventRounds "11"]
[EventCountry "BUL"]

1.e4 c5 2.Nf3 Nc6 3.d4 cxd4 4.Nxd4 Nf6 5.Nc3 e5 6.Ndb5 d6 7.Bg5 a6 8.Na3 b5
9.Nd5 Be7 10.Bxf6 Bxf6 11.c3 Ne7 12.Nc2 Nxd5 13.Qxd5 Rb8 14.Ne3 Bb7 15.Qd3 Qb6
16.Nd5 Bxd5 17.Qxd5 O-O 18.Be2 g6 19.O-O Bg5 20.Rfd1 Rbd8 21.Qb3 Kg7 22.Bd3 f5
23.exf5 d5 24.Bc2 Qc5 25.a4 e4 26.Qa3 b4 27.Qxb4 Qxb4 28.cxb4 gxf5 29.Bb3 d4
30.Bc4 Rf6 31.a5 d3 32.b5 axb5 33.Bxb5 Rb8 34.Bc4 Rc6 35.b3 Bf6 36.Ra4 Rc7 37.a6
Bd4 38.Bxd3 exd3 39.Rxd4 Rxb3 40.h4 Ra7 41.R1xd3 Rxd3 42.Rxd3 Rxa6 43.Kh2 Ra4
44.Kg3 Rg4+ 45.Kh3 Ra4 46.Rd5 Ra3+ 47.f3 Kg6 48.Rd4 Ra2 49.Kg3 Rb2 50.Rd6+ Kg7
51.h5 Rb4 52.f4 Ra4 53.Rd5 Ra3+ 54.Kh4 Ra2 55.Rxf5 Rxg2 56.Rg5+ {Diagram #} Kh6
57.Re5 Rg1 58.Re6+ Kg7 59.h6+ Kf7 60.Ra6 Rg2 61.Kh5 Rg1 62.Ra7+ Kg8 63.Ra8+ Kf7
64.Rh8 Kf6 65.Rxh7 Rh1+ 66.Kg4 Kg6 67.Rh8 Rg1+ 68.Kf3 Rf1+ 69.Ke4 Re1+ 70.Kd5
Rd1+ 71.Ke6 Re1+ 72.Kd7 Rd1+ 73.Ke7 Re1+ 74.Kf8 Rf1 75.Rg8+ Kxh6 76.Rh8+ Kg6
77.Rg8+ Kf5 78.Rg7 Rxf4 79.Rf7+ Ke5 80.Rxf4 Kxf4